El estado del mundo: anuario económico y geopolítico mundial, 1999

Kaydedildi:
Detaylı Bibliyografya
Materyal Türü: Kitap
Dil:İspanyolca
Baskı/Yayın Bilgisi: Madrid Akal 1998
Konular:
Etiketler: Etiketle
Etiket eklenmemiş, İlk siz ekleyin!

MARC

LEADER 00000nam a2200000 a 4500
001 UCO5996
003 CL-VaPUC
008 000929e19980000SP |||||||||||||||||spa|d
082 0 4 |a 330  |b EST  |2 21 
245 1 3 |a El estado del mundo: anuario económico y geopolítico mundial, 1999 
300 |a 587 p 
942 |c BK 
945 |d 20000929 00:00:00  |a vberengu 
260 |a Madrid  |b Akal  |c 1998 
650 7 |a COMERCIO INTERNACIONAL  |2 CL-VaPUC  |9 450790 
650 0 |a Geopolítica  |9 313921 
650 7 |a SISTEMAS ECONOMICOS  |2 CL-VaPUC  |9 450791 
650 7 |a SISTEMAS ECONOMICOS INTERNACIONALES  |2 CL-VaPUC  |9 338633 
583 |a last modification  |c 20000929 00:00:00  |k Rodrigo Vera 
999 |c 291792  |d 291790 
952 |0 0  |1 0  |4 0  |6 330_000000000000000_EST_1998  |7 0  |8 X  |9 341984  |a BIBHIS  |b BIBHIS  |d 2019-11-20  |i 3653668  |o 330 EST 1998  |p 3653668  |r 2024-01-30  |w 2019-11-20  |y BK_X  |k HIS